| 000 | 00000nam##2200000za#4500 |
| 001 | 9.663568 |
| 003 | CaOODSP |
| 005 | 20210615121113 |
| 007 | ta |
| 008 | 150407|2002||||xxc||||| f|0| 0 fre|d |
| 020 | |a0-662-66410-8 |
| 040 | |aCaOODSP|bfre |
| 041 | |aeng |
| 041 | |afre |
| 043 | |an-cn--- |
| 086 | 1 |aSC94-90/2002 |
| 110 | 1 |aCanada.|bCentre canadien de gestion. |
| 245 | 10|aUtiliser des outils horizontaux pour transcender les frontières : |bleçons apprises et indicateurs de réussite / |cpar Andrea D. Rounce et Norman Beaudry. |
| 260 | |aOttawa - Ontario : |bCentre canadien de gestion |c2002. |
| 300 | |aviii, 41p. : |bréférences ; |c28 cm. |
| 563 | |aCouverture souple |
| 590 | |a02-31|b2002-08-02 |
| 691 | 07|aAdministration publique|2gcpds |
| 691 | 07|aDécentralisation|2gcpds |
| 691 | 07|aGestion administrative|2gcpds |
| 691 | 07|aPartenariat|2gcpds |
| 720 | 1 |aRounce, Andrea D. |
| 720 | 1 |aBeaudry, Norman |
| 776 | 0#|tUtiliser des outils horizontaux pour transcender les frontières : |w(CaOODSP)9.630756 |
| 776 | 0#|tUsing horizontal tools to work across boundaries : |w(CaOODSP)9.686279 |
| 791 | |tUsing horizontal tools to work across boundaries : |eeng|w(CaOODSP)9.663567 |